| 000 | 00348nam a2200145Ia 4500 | ||
|---|---|---|---|
| 005 | 20250508070053.0 | ||
| 008 | 240331s9999 xx 000 0 und d | ||
| 082 |
_bSup _a891 |
||
| 100 | _aSuppiah, N | ||
| 245 | 0 | _aAval thani maramalla | |
| 260 |
_aKandy _bAkilam Achagam _c1997 |
||
| 300 | _a100 p ., ( C 2) | ||
| 650 | _aShort Stories | ||
| 942 | _cL | ||
| 999 |
_c4298 _d4298 |
||